000 00639nam a2200265Ia 4500
005 20260306163616.0
008 008 260114s9999 xx 000 0 eng d
020 _a9781474464857
037 _aEBOOK
040 _aCRL
040 _beng
040 _cCRL
041 _2eng
041 _aeng
084 _qCRL
100 _aUlrich
245 0 _aArabs In The Early Islamic Empire: Exploring Al-azd Tribal Identity
260 _bEdinburgh University Press
260 _c2020
650 _aSocial Work
856 _uhttps://academic.oup.com/book/30991
942 _cEBOOK
999 _c1710784
_d1710784